| 000 | 005250000a22001930004500 | ||
|---|---|---|---|
| 003 | LK-CoMWRAF | ||
| 005 | 20231120091554.0 | ||
| 008 | 230817t1983 ||||| |||| 00| 0 eng d | ||
| 040 |
_aLK-CoMWRAF _dLK-CoMWRAF _eLK-CoMWRAF |
||
| 041 | _aeng | ||
| 082 |
_a340.59 _bMAU |
||
| 100 | _aMaudoodi, Maulana Abul A'ala | ||
| 245 | _aThe laws of marriage and divorce in Islam | ||
| 260 |
_aSafat: _bIslamic Book Publishers, _c1983 |
||
| 300 | _a123p. 26cm | ||
| 650 | _aISLAMIC LAW | ||
| 700 |
_aAhmed, Fazl _etrans. |
||
| 942 | _cBK | ||
| 999 |
_c1728 _d1728 |
||